Biến động kinh tế Đông Á và con đường công nghiệp hoá Việt Nam
Việt Nam trong sự đối chiếu với các nền kinh tế Đông Á để tìm ra những lợi thế so sánh; phân tích những thách thức đến từ các nước trong khu vực: biến động kinh tế Đông Á và vị trí của Việt Nam, chiến lược công nghiệp hoá Việt Nam....
Saved in:
| Main Author: | |
|---|---|
| Format: | Book |
| Language: | Undetermined |
| Published: |
Thành phố Hồ Chí Minh
Trẻ
2006
|
| Subjects: | |
| Tags: |
Add Tag
No Tags, Be the first to tag this record!
|
| Institutions: | Trung tâm Học liệu Trường Đại học Cần Thơ |
|---|
| LEADER | 01136nam a2200229Ia 4500 | ||
|---|---|---|---|
| 001 | CTU_237524 | ||
| 008 | 210402s9999 xx 000 0 und d | ||
| 082 | |a 338.9597 | ||
| 082 | |b Th400 | ||
| 100 | |a Trần, Văn Thọ | ||
| 245 | 0 | |a Biến động kinh tế Đông Á và con đường công nghiệp hoá Việt Nam | |
| 245 | 0 | |c Trần Văn Thọ | |
| 260 | |a Thành phố Hồ Chí Minh | ||
| 260 | |b Trẻ | ||
| 260 | |c 2006 | ||
| 520 | |a Việt Nam trong sự đối chiếu với các nền kinh tế Đông Á để tìm ra những lợi thế so sánh; phân tích những thách thức đến từ các nước trong khu vực: biến động kinh tế Đông Á và vị trí của Việt Nam, chiến lược công nghiệp hoá Việt Nam. | ||
| 526 | |a Phát triển bền vững,Chính sách công | ||
| 526 | |b XN218,XN203 | ||
| 650 | |a Phát triển kinh tế,Economic development | ||
| 650 | |z Việt Nam,Vietnam | ||
| 910 | |b dqhieu | ||
| 980 | |a Trung tâm Học liệu Trường Đại học Cần Thơ | ||